| 000 | 00000nam 2200000za 4500 |
| 001 | 9.573052 |
| 003 | CaOODSP |
| 005 | 20221107134029 |
| 007 | cr ||||||||||| |
| 008 | 150406s1999 onc|||||o f00| 0 eng d |
| 040 | |aCaOODSP|beng |
| 043 | |an-cn--- |
| 086 | 1 |aM22-132/4-1-1999E-PDF |
| 110 | 1 |aCanada. |bNatural Resources Canada. |
| 245 | 10|aReport of the Credit for Early Action Table |h[electronic resource] : |bvoluntary GHG emissions trading : an option for consideration under the National Implementation Strategy. |
| 246 | 17|aCEA Table report - voluntary emissions trading |
| 260 | |aOttawa : |bThe Table,|c1999. |
| 300 | |a33p.|btables |
| 590 | |a12-10-Supp|b2012-03-23 |
| 710 | 2 |aNational Climate Change Secretariat (Canada).|bCredit for Early Action Table. |
| 775 | 08|tRapport de la Table des crédits pour mesures hâtives |w(CaOODSP)9.603292 |
| 776 | 0#|tCredit for early action : |w(CaOODSP)9.615169 |
| 856 | 40|ahttp://publications.gc.ca|qPDF|s110 KB|uhttps://publications.gc.ca/collections/Collection/M22-132-4-1-1999E.pdf |